| 000 | 00777 a2200193 4500 | ||
|---|---|---|---|
| 003 | NUST | ||
| 005 | 20251124170051.0 | ||
| 040 | _cNust | ||
| 082 | _a621.382,SHA | ||
| 100 |
_aShafi, Nimra (TCC-19) _9132042 |
||
| 245 |
_a3D through the wall microwave imaging / _cNimra Shafi, Beenish Noor, Usman Mirza and Muhammad Ali Chatta |
||
| 260 |
_aRawalpindi _bMCS (NUST) _cAugust 2011 |
||
| 300 | _bxi, 60 p.; | ||
| 505 | _aOverview (Page-1), Background (Page-5), 2-D Beamforming Code Optimization (Page-12), Implementation of 2D Beamforming on DSP Kit (Page-21), #D Beamforming (Page-36), Future Work (Page-51), References (Page-53). | ||
| 650 |
_aUG Projects _998716 |
||
| 651 |
_aTCC-19 _9106901 |
||
| 700 |
_aSupervised by Dr. Naveed Iqbal Rao _9132043 |
||
| 942 |
_cPR _2ddc |
||
| 999 |
_c188973 _d188973 |
||